Economía Aplicada Salud, Educación y Medio Ambiente / (Registro nro. 16179)

Detalles MARC
000 -LEADER
campo de control de longitud fija 02221nam a22002894aa4500
003 - IDENTIFICADOR DE NÚMERO DE CONTROL
campo de control BOFEUTO
005 - FECHA Y HORA DE LA ÚLTIMA TRANSACCIÓN
campo de control 20260519155935.0
008 - DATOS DE LONGITUD FIJA--INFORMACIÓN GENERAL
campo de control de longitud fija 260403t2026 bo gr 000 f spa d
017 ## - NÚMERO DE COPYRIGHT O DE DEPÓSITO LEGAL
Número de copyright o de depósito legal 5-1-1765-2026
020 ## - NÚMERO INTERNACIONAL ESTÁNDAR DEL LIBRO
Número Internacional Estándar del Libro 978-9917-6639-05-8
040 ## - FUENTE DE CATALOGACIÓN
Enlace BOFEUTO
Centro catalogador/agencia de origen BOFEUTO
Centro/agencia transcriptor BOFEUTO
082 ## - NÚMERO DE LA CLASIFICACIÓN DECIMAL DEWEY
Número de clasificación 330
Número de ítem F628e
100 ## - ENTRADA PRINCIPAL--NOMBRE DE PERSONA
Nombre de persona Flores Flores, Wilson Galo
Término indicativo de función/relación autor
245 ## - MENCIÓN DEL TÍTULO
Título Economía Aplicada Salud, Educación y Medio Ambiente /
Mención de responsabilidad, etc. Wilson Galo Flores Flores
250 ## - MENCION DE EDICION
Mención de edición 4ta. Ed.
260 ## - PUBLICACIÓN, DISTRIBUCIÓN, ETC.
Lugar de publicación, distribución, etc. Oruro :
Nombre del editor, distribuidor, etc. Latinas Edictores,
Fecha de publicación, distribución, etc. 2026.
300 ## - DESCRIPCIÓN FÍSICA
Extensión 336p. ;
Otras características físicas ilus. ;
Dimensiones 25.5 cm.
500 ## - NOTA GENERAL
Nota general Incluye bibliografía, siglas más utilizadas a nivel internacional.
505 ## - NOTA DE CONTENIDO CON FORMATO
Nota de contenido con formato Técnicas y hábitos de estudio en la Universidad - ¿Qué es la economía? - El problemas económico: la escasez - Las necesidades humanas - Los bienes y servicios económicos - La economía como ciencia - Los recursos o factores productivos - Los ingresos de los factores de producción - Los agentes económicos - El concepto de sistema económico - Oferta, demanda y equilibrio de mercado - El sistema de economía de mercado - Sistema de economía planificada (Sistema de economía centralizada) - Las transacciones económicas y el sistema de economía mixta - La empresa y la producción (Producción con un insumo variable) - Elasticidades de la demanda - Macroeconomía, salud y educación - El dinero y sus funciones - Teorías sobre el capital humano - Productividad - Educación formal y no formal - Costos y beneficios de la educación - Oferta y demanda de educación - Salud y nutrición - Subsidios a la demanda - Macroeconomía y educación - Economía de la prevención - Políticas de salud y gestión sanitaria - Introducción al medio ambiente - Economía, desarrollo y medio ambiente - Externalidades - Política ambiental - La competitividad y el desarrollo sostenible - Costo - beneficio: beneficio - Población y recursos naturales - Bienes públicos - Costos - beneficios: costos - los impuestos - El sector industrial en Bolivia y el impacto ambiental
650 ## - PUNTO DE ACCESO ADICIONAL DE MATERIA--TÉRMINO DE MATERIA
Término de materia o nombre geográfico como elemento de entrada Economía
653 ## - TÉRMINO DE INDIZACIÓN--NO CONTROLADO
Término no controlado Técnicas
653 ## - TÉRMINO DE INDIZACIÓN--NO CONTROLADO
Término no controlado Problemas
653 ## - TÉRMINO DE INDIZACIÓN--NO CONTROLADO
Término no controlado Necesidades
653 ## - TÉRMINO DE INDIZACIÓN--NO CONTROLADO
Término no controlado Bienes
653 ## - TÉRMINO DE INDIZACIÓN--NO CONTROLADO
Término no controlado Servicios
942 ## - ELEMENTOS DE ENTRADA SECUNDARIOS (KOHA)
Fuente del sistema de clasificación o colocación Clasificación Decimal Dewey
Tipo de ítem Koha Libros
Suprimir en OPAC No
Existencias
Estatus retirado Estado de pérdida Fuente del sistema de clasificación o colocación Estado de daño No para préstamo Biblioteca de origen Biblioteca actual Fecha de adquisición Fuente de adquisición Número de inventario Total de préstamos Signatura topográfica completa Código de barras Visto por última vez Fecha del último préstamo Copia número Precio de reemplazo Tipo de ítem Koha
No dañado Disponible Clasificación Decimal Dewey No Dañado Disponible Biblioteca Central Biblioteca Central 04/03/2026 Donación 15483 1 330/F628e/2026 15483 20/05/2026 20/05/2026 Ej.1 19/05/2026 Libros

Biblioteca Central
Dirección: Calle Cochabamba entre 6 de Octubre y Potosí s/n
Teléfono: (591-2)5281707 - 2-52-38450
Contacto: biblioteca.central@gmail.com